[Event "4NCL/Div2/GUI3 vs. BRI1"]
[Site "Wokefield Park ENG"]
[Date "2008.01.12"]
[Round "5.3"]
[White "Tymrakiewicz, Rafal"]
[Black "Rudd, Jack"]
[Result "0-1"]
[WhiteElo "2273"]
[BlackElo "2326"]
[PlyCount "110"]
[EventDate "2008.01.12"]
[EventCountry "ENG"]
[SourceDate "2007.09.15"]

1. d4 Nf6 2. Nf3 e6 3. Bg5 c5 4. e3 Be7 5. Nbd2 Nc6 6. c3 b6 7. Bd3 Bb7 8. O-O
O-O 9. Re1 Rc8 10. Qe2 cxd4 11. exd4 Nd5 12. Bxe7 Qxe7 13. g3 Ba8 14. a3 Nf6
15. Nh4 Rfe8 16. f4 d6 17. Rf1 e5 18. fxe5 dxe5 19. Rxf6 Qxf6 20. Ne4 Qd8 21.
d5 Qxd5 22. Rd1 Ne7 23. Bc2 Qb7 24. Qh5 Ng6 25. Nf5 Qc6 26. Rd6 Qxe4 27. Bxe4
Bxe4 28. Ne3 Nf8 29. Qg4 Bg6 30. h4 h5 31. Qa4 a5 32. Qb3 Ne6 33. Qxb6 Rb8 34.
Qc6 Rec8 35. Qd5 Kh7 36. Qd2 Nc5 37. Rxg6 fxg6 38. Nd5 Rd8 39. c4 a4 40. Qa5
Ne4 41. g4 hxg4 42. Qc7 Rf8 43. Qxe5 Nd2 44. Qe7 Rf1+ 45. Kg2 Rxb2 46. h5 gxh5
47. Ne3 Rf3 48. Nd1 Rc2 49. Qe8 Ne4+ 50. Kg1 Ng3 51. Ne3 Ne2+ 52. Kh1 Rc1+ 53.
Kh2 Rh3+ 54. Kg2 Nf4+ 55. Kf2 Rf3# 0-1

[Event "4NCL/Div2/GUI3 vs. BRI1"]
[Site "Wokefield Park ENG"]
[Date "2008.01.12"]
[Round "5.4"]
[White "Beaumont, Chris"]
[Black "Cooksey, Paul S"]
[Result "0-1"]
[WhiteElo "2328"]
[BlackElo "2258"]
[PlyCount "54"]
[EventDate "2008.01.12"]
[EventCountry "ENG"]
[SourceDate "2007.09.15"]

1. d4 d5 2. c4 c6 3. Nf3 Nf6 4. e3 Bg4 5. Qb3 Qb6 6. Ne5 Be6 7. Nc3 Nbd7 8.
Nxd7 Bxd7 9. Bd3 e6 10. O-O Be7 11. Qc2 O-O 12. b3 c5 13. dxc5 Bxc5 14. cxd5
exd5 15. Bb2 Rac8 16. Rac1 Rfe8 17. Qd1 d4 18. exd4 Bxd4 19. Bc4 Be5 20. Nd5
Nxd5 21. Qxd5 Bxb2 22. Qxd7 Rcd8 23. Qxf7+ Kh8 24. Rcd1 Bd4 25. Qf4 Rf8 26. Qh4
Bxf2+ 27. Qxf2 Qxf2+ 0-1

[Event "4NCL/Div2/GUI3 vs. BRI1"]
[Site "Wokefield Park ENG"]
[Date "2008.01.12"]
[Round "5.5"]
[White "Jackson, Adrian"]
[Black "Walker, Martin"]
[Result "1-0"]
[WhiteElo "2209"]
[BlackElo "2250"]
[PlyCount "113"]
[EventDate "2008.01.12"]
[EventCountry "ENG"]
[SourceDate "2007.09.15"]

1. e4 e5 2. Nf3 Nc6 3. Bb5 a6 4. Ba4 Nf6 5. O-O Nxe4 6. d4 b5 7. Bb3 d5 8. dxe5
Be6 9. Nbd2 Nc5 10. c3 d4 11. Bxe6 Nxe6 12. cxd4 Ncxd4 13. Nxd4 Nxd4 14. Nb3
Nxb3 15. Qxb3 Be7 16. Rd1 Qc8 17. Qg3 g6 18. Bh6 Qe6 19. Qf3 c6 20. Rac1 Rc8
21. Bg7 Rg8 22. Bf6 Rc7 23. Qf4 Rd7 24. Rxd7 Qxd7 25. Bxe7 Kxe7 26. Qf6+ Kf8
27. Qxc6 Qxc6 28. Rxc6 Kg7 29. Rxa6 Rc8 30. g3 Rc1+ 31. Kg2 Rc2 32. b4 Re2 33.
Ra5 Kf8 34. a3 Ra2 35. Kf3 Ke7 36. Ra6 Rb2 37. h4 Rb3+ 38. Ke4 Rb2 39. f4 Rg2
40. Kf3 Rb2 41. g4 Rb3+ 42. Ke4 Rh3 43. Ra7+ Ke8 44. h5 gxh5 45. gxh5 Rxh5 46.
f5 Rh4+ 47. Kd5 h5 48. f6 Rh3 49. Ra8+ Kd7 50. Rf8 Rd3+ 51. Ke4 Rxa3 52. Rxf7+
Ke8 53. Rh7 Rb3 54. e6 Rxb4+ 55. Kd5 Kd8 56. Rh8+ Kc7 57. e7 1-0

[Event "4NCL/Div2/GUI3 vs. BRI1"]
[Site "Wokefield Park ENG"]
[Date "2008.01.12"]
[Round "5.6"]
[White "Collier, David O"]
[Black "Richardson, Keith B"]
[Result "0-1"]
[WhiteElo "2104"]
[BlackElo "2217"]
[PlyCount "116"]
[EventDate "2008.01.12"]
[EventCountry "ENG"]
[SourceDate "2007.09.15"]

1. d4 g6 2. e4 Bg7 3. Be3 d6 4. f3 Nc6 5. Bb5 a6 6. Bxc6+ bxc6 7. c3 Nf6 8. Ne2
O-O 9. Nd2 a5 10. O-O Ba6 11. Re1 Nd7 12. Qa4 Bb5 13. Qc2 e5 14. Rac1 Qb8 15.
Nf1 Ba6 16. Red1 a4 17. c4 exd4 18. Bxd4 Bh6 19. Rb1 c5 20. Be3 Bg7 21. Nd2 Ne5
22. h3 Re8 23. f4 Nc6 24. a3 Bb7 25. Re1 Nd4 26. Nxd4 cxd4 27. Bf2 c5 28. Qd3
Bc6 29. b4 axb3 30. Rxb3 Qc7 31. Bh4 Rab8 32. Rxb8 Rxb8 33. Rb1 Rxb1+ 34. Qxb1
Qb7 35. Qxb7 Bxb7 36. Kf2 Kf8 37. g4 Ke8 38. Ke2 Bf8 39. Bg3 Kd7 40. Kd3 Be7
41. h4 Ba6 42. h5 gxh5 43. gxh5 f5 44. Bf2 Ke6 45. Bg3 h6 46. Bf2 fxe4+ 47.
Kxe4 Bb7+ 48. Kd3 Kf5 49. Bg3 Kg4 50. Bh2 Kh3 51. Bg1 Kg2 52. Bxd4 cxd4 53.
Kxd4 Kg3 54. Ke3 Kg4 55. Ne4 Kxh5 56. Nc3 Kg4 57. a4 h5 58. Ne2 Bd8 0-1

[Event "4NCL/Div2/GUI3 vs. BRI1"]
[Site "Wokefield Park ENG"]
[Date "2008.01.12"]
[Round "5.7"]
[White "Horton, Justin"]
[Black "Curtis, John"]
[Result "1/2-1/2"]
[WhiteElo "2157"]
[BlackElo "2127"]
[PlyCount "31"]
[EventDate "2008.01.12"]
[EventCountry "ENG"]
[SourceDate "2007.09.15"]

1. Nf3 d6 2. d4 Nd7 3. c4 e5 4. Nc3 Ngf6 5. g3 Be7 6. Bg2 O-O 7. O-O c6 8. Qc2
Re8 9. b3 Bf8 10. Bb2 Rb8 11. Rad1 a6 12. dxe5 dxe5 13. Ne4 Nxe4 14. Qxe4 Qc7
15. Ng5 Nf6 16. Qc2 1/2-1/2

[Event "4NCL/Div2/GUI3 vs. BRI1"]
[Site "Wokefield Park ENG"]
[Date "2008.01.12"]
[Round "5.8"]
[White "Levacic, Melissa"]
[Black "Samul, Mariana"]
[Result "1-0"]
[WhiteElo "2009"]
[BlackElo "1900"]
[PlyCount "51"]
[EventDate "2008.01.12"]
[EventCountry "ENG"]
[SourceDate "2007.09.15"]

1. e4 e5 2. Nf3 Nc6 3. Bb5 d6 4. d4 exd4 5. Nxd4 Bd7 6. O-O Nf6 7. Nc3 Be7 8.
Kh1 O-O 9. Nxc6 bxc6 10. Bc4 Ng4 11. f4 Kh8 12. h3 Nh6 13. f5 Bg5 14. Qh5 f6
15. Bxg5 fxg5 16. Rae1 Qf6 17. e5 dxe5 18. Ne4 Qd8 19. f6 Nf5 20. g4 Nd6 21.
fxg7+ Kxg7 22. Nxd6 cxd6 23. Rf7+ Rxf7 24. Qxf7+ Kh8 25. Bd3 Qg8 26. Qxd7 1-0

[Event "4NCL/Div2/PPA1 vs. HKF2"]
[Site "Wokefield Park ENG"]
[Date "2008.01.12"]
[Round "5.1"]
[White "Posazhennikov, Alex"]
[Black "Burrows, Martin P"]
[Result "1-0"]
[WhiteElo "2231"]
[BlackElo "2205"]
[PlyCount "81"]
[EventDate "2008.01.12"]
[EventCountry "ENG"]
[SourceDate "2007.09.15"]

1. e4 c5 2. Nf3 d6 3. d4 cxd4 4. Nxd4 Nf6 5. Nc3 a6 6. h3 e6 7. g4 h6 8. Bg2
Qc7 9. O-O Nc6 10. Nce2 Nxd4 11. Nxd4 Bd7 12. b3 e5 13. Nf5 g6 14. Ne3 Bc6 15.
Qd3 Rd8 16. Bb2 Be7 17. f4 O-O 18. Rae1 Rfe8 19. Nd5 Bxd5 20. exd5 Nd7 21. c4
Bf6 22. Qd2 Bg7 23. g5 hxg5 24. fxg5 a5 25. h4 a4 26. Re3 Ra8 27. Qf2 Rf8 28.
h5 gxh5 29. Be4 Nc5 30. Bb1 axb3 31. Qf5 e4 32. Bxg7 Kxg7 33. Qf6+ Kg8 34. axb3
Qd7 35. Rg3 h4 36. Rg2 Qh3 37. g6 Qe3+ 38. Kh1 Qh6 39. gxf7+ Kh7 40. Qf5+ Kh8
41. Rg6 1-0

[Event "4NCL/Div2/PPA1 vs. HKF2"]
[Site "Wokefield Park ENG"]
[Date "2008.01.12"]
[Round "5.2"]
[White "Tavoularis, Nicholas"]
[Black "Swanson, Stephen"]
[Result "1-0"]
[WhiteElo "2242"]
[BlackElo "2242"]
[PlyCount "127"]
[EventDate "2008.01.12"]
[EventCountry "ENG"]
[SourceDate "2007.09.15"]

1. d4 d6 2. g3 Nf6 3. Bg2 c6 4. c4 e5 5. Nc3 Be7 6. dxe5 dxe5 7. Qxd8+ Bxd8 8.
Nf3 Bc7 9. O-O O-O 10. b3 Re8 11. Bb2 h6 12. Nd2 Bf5 13. Nde4 Nxe4 14. Nxe4 Na6
15. Ba3 Rad8 16. Rfd1 Bxe4 17. Bxe4 g6 18. Bg2 f5 19. e4 Kf7 20. exf5 gxf5 21.
b4 Nb8 22. b5 e4 23. Bc5 a6 24. a4 Nd7 25. Be3 axb5 26. axb5 Bb8 27. Bf1 Ne5
28. Be2 cxb5 29. cxb5 Kg6 30. Kg2 h5 31. h3 Nd3 32. Bxd3 Rxd3 33. Rxd3 exd3 34.
Ra8 Kf7 35. Kf3 Be5 36. Rxe8 Kxe8 37. Bc5 Kd7 38. Ke3 Ke6 39. Kxd3 Kd5 40. Be3
Bd6 41. Bc1 Bc7 42. Be3 Bd6 43. Bb6 Be5 44. h4 Bd6 45. Bd4 Bc7 46. Be3 Bd6 47.
Ke2 Ke4 48. b6 Be5 49. Bg5 Bd6 50. Bd8 Be5 51. Bc7 Bg7 52. f3+ Kd5 53. Kf2 Ke6
54. Kg2 Bd4 55. Kh3 Kf6 56. g4 Kg6 57. gxh5+ Kxh5 58. Bd8 Be5 59. Kg2 Bd6 60.
Kf2 Bf4 61. Ke2 Kg6 62. Kd3 Kf7 63. Kc4 Bg3 64. h5 1-0

[Event "4NCL/Div2/PPA1 vs. HKF2"]
[Site "Wokefield Park ENG"]
[Date "2008.01.12"]
[Round "5.4"]
[White "Forman, Karl L"]
[Black "Byway, Paul"]
[Result "1/2-1/2"]
[WhiteElo "2017"]
[BlackElo "2159"]
[PlyCount "64"]
[EventDate "2008.01.12"]
[EventCountry "ENG"]
[SourceDate "2007.09.15"]

1. e4 c5 2. d4 cxd4 3. c3 Nc6 4. cxd4 d5 5. e5 Bf5 6. Nf3 e6 7. Bd3 Bb4+ 8. Nc3
Nge7 9. O-O h6 10. Rb1 O-O 11. a3 Bxc3 12. bxc3 Na5 13. Nh4 Bxd3 14. Qxd3 f5
15. exf6 Rxf6 16. Qg3 Qd7 17. Bf4 Nf5 18. Nxf5 exf5 19. Be5 Rf7 20. h4 Nc4 21.
Bf4 Kh7 22. h5 Rf6 23. a4 b6 24. Rfe1 Re8 25. Rxe8 Qxe8 26. Qf3 Qe4 27. Rb5 a6
28. Rxd5 Qxf3 29. gxf3 Rf7 30. Kf1 g6 31. hxg6+ Kxg6 32. Rd8 h5 1/2-1/2

[Event "4NCL/Div2/PPA1 vs. HKF2"]
[Site "Wokefield Park ENG"]
[Date "2008.01.12"]
[Round "5.5"]
[White "Dignam, Matthew"]
[Black "Tivillier, Jacques"]
[Result "1-0"]
[WhiteElo "2139"]
[BlackElo "1900"]
[PlyCount "65"]
[EventDate "2008.01.12"]
[EventCountry "ENG"]
[SourceDate "2007.09.15"]

1. d4 d5 2. Nf3 Nf6 3. c4 e6 4. Nc3 Nbd7 5. Bf4 c6 6. e3 Be7 7. Rc1 Nh5 8. Bg3
Nxg3 9. hxg3 Nf6 10. Qc2 Bd7 11. Ne5 Rc8 12. g4 dxc4 13. g5 Nd5 14. Rxh7 Rxh7
15. Qxh7 Bf8 16. Qg8 Qe7 17. Bxc4 f6 18. Ng6 Qf7 19. Qxf8+ Qxf8 20. Nxf8 Kxf8
21. gxf6 gxf6 22. Ne4 Ke7 23. Nc5 b6 24. Nxd7 Kxd7 25. Ke2 Rh8 26. g3 f5 27.
Bxd5 cxd5 28. Kf3 Rh2 29. b4 a6 30. a4 Rh8 31. b5 axb5 32. axb5 Ra8 33. Rc6 1-0

[Event "4NCL/Div2/PPA1 vs. HKF2"]
[Site "Wokefield Park ENG"]
[Date "2008.01.12"]
[Round "5.6"]
[White "Alcock, Graham P"]
[Black "Rosen, Daniel B"]
[Result "0-1"]
[WhiteElo "1935"]
[BlackElo "2124"]
[PlyCount "74"]
[EventDate "2008.01.12"]
[EventCountry "ENG"]
[SourceDate "2007.09.15"]

1. e4 g6 2. Nf3 d6 3. Bc4 Bg7 4. O-O Nf6 5. d3 Bg4 6. h3 Bxf3 7. Qxf3 Nbd7 8.
Qe2 c6 9. c3 O-O 10. Bg5 Nc5 11. Bxf6 Bxf6 12. d4 Nd7 13. f4 e5 14. dxe5 dxe5
15. f5 Kg7 16. Kh1 Bg5 17. Nd2 Bxd2 18. Qxd2 Nf6 19. Qe2 Nh5 20. Qg4 Qe7 21.
Rad1 Rad8 22. Kh2 Rxd1 23. Rxd1 Rd8 24. g3 Nf6 25. Qe2 Rxd1 26. Qxd1 Nxe4 27.
fxg6 hxg6 28. Qe1 f5 29. g4 Ng5 30. Qf2 b5 31. Bb3 Ne4 32. Qe3 Qc5 33. Qe2 Qf2+
34. Qxf2 Nxf2 35. Kg2 Nd3 36. gxf5 gxf5 37. Be6 Nf4+ 0-1

[Event "4NCL/Div2/PPA1 vs. HKF2"]
[Site "Wokefield Park ENG"]
[Date "2008.01.12"]
[Round "5.7"]
[White "Winfridsson, Ola"]
[Black "Shepherd, David"]
[Result "1-0"]
[WhiteElo "2108"]
[BlackElo "1895"]
[PlyCount "71"]
[EventDate "2008.01.12"]
[EventCountry "ENG"]
[SourceDate "2007.09.15"]

1. d4 Nf6 2. c4 e6 3. Nc3 Bb4 4. Bg5 Bxc3+ 5. bxc3 h6 6. Bh4 b6 7. f3 Bb7 8. e4
g5 9. Bg3 d6 10. h4 g4 11. h5 gxf3 12. gxf3 Qe7 13. Bh4 Nbd7 14. Qa4 Kf8 15.
Ne2 Qe8 16. Ng3 Nh7 17. Be2 Ndf6 18. Qc2 c5 19. Qd2 Ng8 20. Rg1 f6 21. f4 Rd8
22. O-O-O Rd7 23. d5 e5 24. Bg4 Rd8 25. Be6 Bc8 26. Bxg8 Rxg8 27. fxe5 Qxe5 28.
Qxh6+ Rg7 29. Kb2 Kf7 30. Nf5 Qh2+ 31. Kb3 Rxg1 32. Qxh7+ Kf8 33. Qe7+ Kg8 34.
Qxd8+ Kh7 35. Qe7+ Kg8 36. Nh6+ 1-0

[Event "4NCL/Div2/PPA1 vs. HKF2"]
[Site "Wokefield Park ENG"]
[Date "2008.01.12"]
[Round "5.8"]
[White "Shepherd, Katherine"]
[Black "Mountford, Corinne"]
[Result "0-1"]
[WhiteElo "1515"]
[BlackElo "1615"]
[PlyCount "94"]
[EventDate "2008.01.12"]
[EventCountry "ENG"]
[SourceDate "2007.09.15"]

1. d4 g6 2. Nf3 Bg7 3. Bf4 d6 4. Nc3 a6 5. e4 Nd7 6. Be2 b5 7. Qd2 c5 8. dxc5
Nxc5 9. e5 Nb7 10. Qd5 e6 11. Qc6+ Qd7 12. Qxd7+ Kxd7 13. Ne4 d5 14. Neg5 Nd8
15. h4 h6 16. Nh3 Ne7 17. Nh2 Ndc6 18. a4 Nd4 19. Kd2 Nxe2 20. Kxe2 Bb7 21. Ng4
Nf5 22. f3 b4 23. c3 Rac8 24. Rac1 a5 25. Kf2 Bf8 26. Nf6+ Kd8 27. Ke2 Ba6+ 28.
Kd2 Bc5 29. Ng1 d4 30. cxd4 Nxd4 31. Rd1 Ke7 32. Ke1 Rhd8 33. Rd2 Ba7 34. Be3
Nc2+ 35. Rxc2 Bxe3 36. Rxc8 Rxc8 37. Ne2 Rc2 38. Ng4 Rxe2+ 39. Kd1 Bd4 40. Re1
Rxb2 41. Re4 Bc3 42. Nxh6 b3 43. Kc1 Rd2 44. Re1 b2+ 45. Kb1 Bd3+ 46. Ka2 b1=Q+
47. Ka3 Qb2# 0-1

[Event "4NCL/Div2/KHE vs. CHEDP"]
[Site "Wokefield Park ENG"]
[Date "2008.01.12"]
[Round "5.1"]
[White "Whiteley, Andrew"]
[Black "Bellin, Robert"]
[Result "1/2-1/2"]
[WhiteElo "2265"]
[BlackElo "2385"]
[PlyCount "62"]
[EventDate "2008.01.12"]
[EventCountry "ENG"]
[SourceDate "2007.09.15"]

1. d4 e6 2. c4 f5 3. Nf3 Nf6 4. g3 Be7 5. Bg2 O-O 6. O-O d5 7. Nbd2 Nc6 8. b3
Ne4 9. Bb2 Bd7 10. e3 Be8 11. Ne1 Bh5 12. Ndf3 Qd7 13. Qc2 Rae8 14. Nd3 Bxf3
15. Bxf3 Nb4 16. Nxb4 Bxb4 17. Bg2 Be7 18. Qc1 c6 19. Ba3 Nd6 20. Qc2 Rf7 21.
Rac1 g5 22. Qe2 Bf6 23. Rc2 Ne4 24. Qh5 Rg7 25. cxd5 exd5 26. Kh1 g4 27. f3 Rg5
28. Qh6 Rg6 29. Qh5 Rg5 30. Qh6 Rg6 31. Qh5 Rg5 1/2-1/2

[Event "4NCL/Div2/KHE vs. CHEDP"]
[Site "Wokefield Park ENG"]
[Date "2008.01.12"]
[Round "5.2"]
[White "Lamoureux, Charles"]
[Black "McMichael, Richard"]
[Result "1/2-1/2"]
[WhiteElo "2354"]
[BlackElo "2253"]
[PlyCount "82"]
[EventDate "2008.01.12"]
[EventCountry "ENG"]
[SourceDate "2007.09.15"]

1. e4 e6 2. d4 d5 3. Nc3 Nc6 4. Nf3 Nf6 5. e5 Ne4 6. Bd3 Bb4 7. Bd2 Nxd2 8.
Qxd2 f6 9. a3 Bxc3 10. Qxc3 fxe5 11. dxe5 Bd7 12. h4 O-O 13. O-O-O Qe7 14. Ng5
h6 15. Nh3 Nd8 16. Qxc7 Rc8 17. Qa5 Nc6 18. Qe1 Qxh4 19. f4 Qxe1 20. Rhxe1 Be8
21. Rg1 Ne7 22. Rgf1 Bh5 23. Rde1 Bg4 24. Ng1 Rc7 25. Ne2 Nc6 26. Kd2 Rcf7 27.
Bg6 Rc7 28. Ke3 Bxe2 29. Kxe2 Nd4+ 30. Kd2 Nf5 31. g4 Nh4 32. Bd3 Ng2 33. f5
Nxe1 34. Rxe1 h5 35. gxh5 exf5 36. e6 Re7 37. Re5 f4 38. Ke2 Rf6 39. Bf5 Rxf5
40. Rxf5 Rxe6+ 41. Kf3 Re3+ 1/2-1/2

[Event "4NCL/Div2/KHE vs. CHEDP"]
[Site "Wokefield Park ENG"]
[Date "2008.01.12"]
[Round "5.3"]
[White "Okike, David C"]
[Black "Wallace, Paul A"]
[Result "1/2-1/2"]
[WhiteElo "2189"]
[BlackElo "2267"]
[PlyCount "95"]
[EventDate "2008.01.12"]
[EventCountry "ENG"]
[SourceDate "2007.09.15"]

1. e4 e5 2. Nf3 Nc6 3. Bb5 Bc5 4. O-O Nd4 5. Nxd4 Bxd4 6. c3 Bb6 7. d4 c6 8.
Ba4 d6 9. d5 Ne7 10. Bg5 f6 11. Bh4 O-O 12. dxc6 bxc6 13. Qe2 d5 14. Kh1 Kh8
15. f3 a5 16. Rd1 Ba6 17. Qc2 Qc7 18. Nd2 Be3 19. Nf1 Bf4 20. Bf2 Rfd8 21. Bc5
dxe4 22. fxe4 Bxf1 23. Rxf1 Rd2 24. Qb1 Rad8 25. b4 f5 26. Rf2 Rxf2 27. Bxf2
fxe4 28. Qxe4 Nd5 29. Be1 h6 30. a3 c5 31. b5 Rd6 32. Bc2 Nf6 33. Qa8+ Rd8 34.
Qc6 e4 35. Qxc7 Bxc7 36. Rd1 Rxd1 37. Bxd1 Kh7 38. Bf2 Bb6 39. c4 Kg6 40. h3
Kf5 41. g3 h5 42. Kg2 g5 43. Be3 g4 44. Bf4 h4 45. Be3 hxg3 46. Kxg3 Nh5+ 47.
Kh4 gxh3 48. Kxh3 1/2-1/2

[Event "4NCL/Div2/KHE vs. CHEDP"]
[Site "Wokefield Park ENG"]
[Date "2008.01.12"]
[Round "5.4"]
[White "Shaw, Robert"]
[Black "Spivack, Simon"]
[Result "1-0"]
[WhiteElo "2291"]
[BlackElo "2191"]
[PlyCount "80"]
[EventDate "2008.01.12"]
[EventCountry "ENG"]
[SourceDate "2007.09.15"]

1. d4 Nf6 2. Nf3 d6 3. g3 g6 4. Bg2 Bg7 5. O-O O-O 6. c4 c5 7. Nc3 Nc6 8. d5
Na5 9. Nd2 e5 10. e4 Ng4 11. Qe2 b6 12. b3 f5 13. exf5 e4 14. f6 Bxf6 15. Ndxe4
Bd4 16. Bg5 Qd7 17. Rac1 Qf5 18. Bf4 Nb7 19. Nb5 Bd7 20. h3 Ne5 21. Nbxd6 Nxd6
22. Nxd6 Qf6 23. Rce1 Nf7 24. Nxf7 Rxf7 25. Be5 Qg5 26. Bxd4 cxd4 27. Qd3 Qf6
28. Re6 Qg7 29. Rd1 Raf8 30. Re2 Qh6 31. Qxd4 Bxh3 32. Bxh3 Qxh3 33. d6 Rd8 34.
Re7 Qf5 35. Rxf7 Kxf7 36. Qh4 Rd7 37. Qxh7+ Ke6 38. Re1+ Kxd6 39. Rd1+ Kc6 40.
Rxd7 Qxd7 1-0

[Event "4NCL/Div2/KHE vs. CHEDP"]
[Site "Wokefield Park ENG"]
[Date "2008.01.12"]
[Round "5.5"]
[White "Wittmann, Jochen"]
[Black "Sharp, John R"]
[Result "0-1"]
[WhiteElo "2165"]
[BlackElo "2155"]
[PlyCount "58"]
[EventDate "2008.01.12"]
[EventCountry "ENG"]
[SourceDate "2007.09.15"]

1. e4 e6 2. d4 d5 3. e5 c5 4. Nf3 Nc6 5. Bd3 c4 6. Be2 f6 7. b3 cxb3 8. axb3
fxe5 9. dxe5 Qc7 10. O-O Bc5 11. c4 Nge7 12. Nc3 Nxe5 13. cxd5 O-O 14. Ne4 Nxd5
15. Nxc5 Nc3 16. Qd2 Nxe2+ 17. Qxe2 Nxf3+ 18. gxf3 Qxc5 19. Ba3 Qg5+ 20. Kh1
Rf7 21. Bd6 Bd7 22. Rfc1 Qd5 23. Rd1 Qf5 24. f4 Bc6+ 25. f3 Qh5 26. Rf1 a6 27.
Qe3 Rd8 28. Rad1 Qh3 29. Rd2 Qxf1+ 0-1

[Event "4NCL/Div2/KHE vs. CHEDP"]
[Site "Wokefield Park ENG"]
[Date "2008.01.12"]
[Round "5.6"]
[White "Acey, Gerald"]
[Black "Ward, Julian T"]
[Result "1/2-1/2"]
[WhiteElo "2150"]
[BlackElo "2145"]
[PlyCount "57"]
[EventDate "2008.01.12"]
[EventCountry "ENG"]
[SourceDate "2007.09.15"]

1. c4 Nf6 2. Nc3 d5 3. cxd5 Nxd5 4. g3 g6 5. Bg2 Nxc3 6. bxc3 Bg7 7. Nf3 O-O 8.
O-O c5 9. Qc2 Nc6 10. d3 Qa5 11. Bb2 c4 12. d4 Qh5 13. Rfe1 Bg4 14. Rad1 e6 15.
Bc1 Bf5 16. Qa4 Be4 17. Qxc4 Rfc8 18. Qa4 b5 19. Qa3 a5 20. Qd6 Rd8 21. Qf4 Qf5
22. Qxf5 gxf5 23. Bf4 b4 24. Bg5 Rd7 25. Bd2 Rc8 26. Rc1 bxc3 27. Bxc3 Nxd4 28.
Nxd4 Bxd4 29. Bxa5 1/2-1/2

[Event "4NCL/Div2/KHE vs. CHEDP"]
[Site "Wokefield Park ENG"]
[Date "2008.01.12"]
[Round "5.7"]
[White "Thomas, Richard H"]
[Black "McKenna, Jason P"]
[Result "1-0"]
[WhiteElo "2176"]
[BlackElo "2141"]
[PlyCount "71"]
[EventDate "2008.01.12"]
[EventCountry "ENG"]
[SourceDate "2007.09.15"]

1. d4 g6 2. c4 Bg7 3. Nc3 Nf6 4. e4 d6 5. f3 O-O 6. Bg5 c5 7. d5 e6 8. Bd3 exd5
9. exd5 a6 10. Nge2 Nbd7 11. O-O Qc7 12. a4 b6 13. h3 Ne5 14. f4 Nxd3 15. Qxd3
Bd7 16. f5 Rae8 17. Ng3 b5 18. axb5 axb5 19. Ra6 bxc4 20. Qxc4 Rb8 21. Qf4 Rb6
22. Rxb6 Qxb6 23. Qh4 Bb5 24. Nxb5 Nxd5 25. Qc4 Nb4 26. Nc3 Bd4+ 27. Kh1 Qc6
28. fxg6 hxg6 29. Nge2 Be5 30. Nf4 Kg7 31. Nd3 Nxd3 32. Qxd3 f6 33. Bc1 Rh8 34.
Nd5 f5 35. Nf4 Rh4 36. Nxg6 1-0

[Event "4NCL/Div2/BRI1 vs. WRO"]
[Site "Wokefield Park ENG"]
[Date "2008.01.13"]
[Round "6.1"]
[White "Berzinsh, Roland"]
[Black "Wells, Peter K"]
[Result "1/2-1/2"]
[WhiteElo "2417"]
[BlackElo "2520"]
[PlyCount "138"]
[EventDate "2008.01.13"]
[EventCountry "ENG"]
[SourceDate "2007.09.15"]

1. e4 c5 2. Nf3 d6 3. d4 cxd4 4. Nxd4 Nf6 5. Nc3 Nc6 6. Bg5 e6 7. Qd2 a6 8.
O-O-O Bd7 9. f4 h6 10. Bxf6 Qxf6 11. Nf3 Qd8 12. h4 Be7 13. g4 Qa5 14. g5 O-O-O
15. Bh3 Kb8 16. Kb1 Bc8 17. Qe3 g6 18. Bg2 Bf8 19. gxh6 Bxh6 20. Ng5 Qc7 21.
Qg3 Bg7 22. Rhe1 Na5 23. Bf1 Bxc3 24. Qxc3 Qxc3 25. bxc3 Rd7 26. Nf3 Rh5 27. c4
b6 28. Rd2 Kc7 29. Red1 Nb7 30. e5 dxe5 31. fxe5 Nc5 32. Ng5 Rxh4 33. Rxd7+
Nxd7 34. Nxf7 Rf4 35. Nd6 Nxe5 36. Nxc8 Kxc8 37. Bh3 Nxc4 38. Bxe6+ Kc7 39. c3
Nd6 40. Kc2 Rf6 41. Bd5 g5 42. Rg1 Rf5 43. Bb3 Ne4 44. Kd3 Nc5+ 45. Ke3 a5 46.
Rh1 Nxb3 47. axb3 g4 48. Rh7+ Kc6 49. Rg7 Rf3+ 50. Kd4 g3 51. Rg6+ Kd7 52. Ke4
Rxc3 53. Rxb6 Kc7 54. Rb5 g2 55. Rg5 Rc2 56. Rg6 Rb2 57. Kf3 Rxb3+ 58. Kxg2 Re3
59. Kf2 Re5 60. Kf3 Kb7 61. Kf4 Re8 62. Kf3 Ka7 63. Rh6 Re1 64. Rg6 Kb7 65. Kf2
Re5 66. Kf3 a4 67. Rg4 Ra5 68. Ke3 a3 69. Rg1 a2 1/2-1/2

[Event "4NCL/Div2/BRI1 vs. WRO"]
[Site "Wokefield Park ENG"]
[Date "2008.01.13"]
[Round "6.2"]
[White "Gourlay, Iain"]
[Black "Cobb, Charles"]
[Result "1/2-1/2"]
[WhiteElo "2362"]
[BlackElo "2410"]
[PlyCount "53"]
[EventDate "2008.01.13"]
[EventCountry "ENG"]
[SourceDate "2007.09.15"]

1. Nf3 d5 2. g3 Bg4 3. Bg2 Nd7 4. c4 e6 5. cxd5 exd5 6. O-O Ngf6 7. d3 Be7 8.
h3 Bxf3 9. Bxf3 c6 10. e4 Ne5 11. Bg2 dxe4 12. dxe4 O-O 13. Nc3 Qxd1 14. Rxd1
Rfd8 15. Bf4 Nd3 16. Be3 Nxb2 17. Rxd8+ Bxd8 18. Rb1 Nc4 19. Rxb7 Nxe3 20. fxe3
Bb6 21. e5 Bxe3+ 22. Kh2 Bd4 23. exf6 Bxc3 24. fxg7 Bd4 25. Bxc6 Rc8 26. Ba4
Bb6 27. Bb3 1/2-1/2

[Event "4NCL/Div2/BRI1 vs. WRO"]
[Site "Wokefield Park ENG"]
[Date "2008.01.13"]
[Round "6.3"]
[White "Rudd, Jack"]
[Black "Wall, Tim"]
[Result "1-0"]
[WhiteElo "2326"]
[BlackElo "2363"]
[PlyCount "93"]
[EventDate "2008.01.13"]
[EventCountry "ENG"]
[SourceDate "2007.09.15"]

1. e4 c6 2. d4 d5 3. Nd2 dxe4 4. Nxe4 Bf5 5. Ng3 Bg6 6. h4 h6 7. Nf3 Nd7 8. h5
Bh7 9. Bd3 Bxd3 10. Qxd3 e6 11. Bd2 Ngf6 12. O-O-O Be7 13. Ne4 Nxe4 14. Qxe4
Nf6 15. Qe2 Qd5 16. c4 Qe4 17. Qxe4 Nxe4 18. Be3 O-O 19. Kc2 Rad8 20. Ne5 Bd6
21. Rh4 f5 22. f3 Ng5 23. Ng6 Rf7 24. Rhh1 Rfd7 25. Rhe1 Kf7 26. d5 exd5 27.
cxd5 c5 28. Bxg5 hxg5 29. g4 fxg4 30. fxg4 Re8 31. Rxe8 Kxe8 32. Re1+ Kd8 33.
Rf1 Bf4 34. Nxf4 gxf4 35. Rxf4 Rxd5 36. Rf7 Rd7 37. Rxd7+ Kxd7 38. Kd3 Ke6 39.
Ke4 Kf6 40. Kf4 b5 41. g5+ Ke6 42. Ke4 c4 43. Kd4 Kf5 44. h6 gxh6 45. gxh6 Kg6
46. Kc5 a6 47. a3 1-0

[Event "4NCL/Div2/BRI1 vs. WRO"]
[Site "Wokefield Park ENG"]
[Date "2008.01.13"]
[Round "6.4"]
[White "Van de Griendt, Jan W"]
[Black "Beaumont, Chris"]
[Result "1-0"]
[WhiteElo "2358"]
[BlackElo "2328"]
[PlyCount "83"]
[EventDate "2008.01.13"]
[EventCountry "ENG"]
[SourceDate "2007.09.15"]

1. d4 d6 2. e4 Nf6 3. f3 g6 4. c4 Bg7 5. Nc3 O-O 6. Bg5 c5 7. d5 h6 8. Be3 e6
9. Nge2 exd5 10. cxd5 a6 11. a4 Nbd7 12. Nc1 Rb8 13. Be2 Ne5 14. O-O Bd7 15.
Qd2 h5 16. N1a2 Nh7 17. h3 f5 18. f4 Nf7 19. e5 dxe5 20. Bxc5 exf4 21. Nb4 Be5
22. Nd3 Qc7 23. a5 Bg7 24. d6 Nxd6 25. Nd5 Ne4 26. Qb4 Qd8 27. Be7 Qe8 28.
N3xf4 Kh8 29. Rfd1 Be5 30. Bxf8 Nxf8 31. Qxf8+ Qxf8 32. Nxg6+ Kg7 33. Nxf8 Rxf8
34. Bxh5 Bc6 35. Ne7 Bb5 36. Bf3 Bxb2 37. Nxf5+ Rxf5 38. Bxe4 Rf7 39. Ra2 Bc3
40. Ra3 Bb4 41. Rg3+ Kf8 42. Rf3 1-0

[Event "4NCL/Div2/BRI1 vs. WRO"]
[Site "Wokefield Park ENG"]
[Date "2008.01.13"]
[Round "6.5"]
[White "Walker, Martin"]
[Black "Barrett, Steve J"]
[Result "0-1"]
[WhiteElo "2250"]
[BlackElo "2257"]
[PlyCount "100"]
[EventDate "2008.01.13"]
[EventCountry "ENG"]
[SourceDate "2007.09.15"]

1. e4 c5 2. Nf3 e6 3. c3 d5 4. e5 d4 5. Bd3 Nc6 6. O-O Nge7 7. Be4 Bd7 8. d3
Ng6 9. Bxg6 fxg6 10. Bg5 Be7 11. Bxe7 Qxe7 12. Nbd2 O-O 13. Qe2 g5 14. h3 Be8
15. Ne4 h6 16. cxd4 cxd4 17. Rac1 Bh5 18. g4 Bg6 19. a4 Rf4 20. Nfd2 Rd8 21.
Nd6 Nxe5 22. Qxe5 Qxd6 23. Qb5 a6 24. Qxb7 Bxd3 25. Rc7 Qf8 26. Rfc1 Rxf2 27.
Rc8 Rf7 28. Qa8 Rfd7 29. Nf3 Kh7 30. Ne5 Rxc8 31. Qxc8 Qf4 32. Nxd3 Qg3+ 33.
Kh1 Qxh3+ 34. Kg1 Qxg4+ 35. Kh2 Qe2+ 36. Kg1 Qxd3 37. Qxd7 Qe3+ 38. Kg2 Qd2+
39. Kh3 Qe3+ 40. Kg2 Qxc1 41. Qxd4 Qc2+ 42. Kf3 Qf5+ 43. Ke2 Kg6 44. b4 Qc2+
45. Kf3 Qxa4 46. Qe4+ Kf7 47. Qb7+ Kf6 48. Qe4 Qd1+ 49. Kf2 Qd2+ 50. Kg1 Qf4
0-1